Supplement for basic principles of organic chemistry
Guardado en:
| Autores principales: | , |
|---|---|
| Formato: | Libro |
| Lenguaje: | inglés |
| Publicado: |
Nueva York
W.A. Benjamin
1965
|
| Materias: | |
| Etiquetas: |
Agregar Etiqueta
Sin Etiquetas, Sea el primero en etiquetar este registro!
|
MARC
| LEADER | 00000nam a2200000 a 4500 | ||
|---|---|---|---|
| 001 | UCY0479 | ||
| 003 | CL-VaPUC | ||
| 008 | 940803e19650000US |||||||||||||||||eng|d | ||
| 082 | 0 | 4 | |a 547 |b ROB |2 21 |
| 100 | 0 | |a Roberts, John D |e author |9 328210 | |
| 700 | 0 | |a Caserio, Marjorie C |e author |9 328211 | |
| 245 | 1 | 0 | |a Supplement for basic principles of organic chemistry |
| 300 | |a 435 p | ||
| 942 | |c BK | ||
| 945 | |d 19940803 00:00:00 |a mfernand | ||
| 260 | |a Nueva York |b W.A. Benjamin |c 1965 | ||
| 650 | 7 | |a QUIMICA ORGANICA PROBLEMAS, EJERCICIOS, ETC |2 CL-VaPUC |9 306874 | |
| 583 | |a last modification |c 19940803 00:00:00 |k Rodrigo Vera | ||
| 999 | |c 229472 |d 229470 | ||
| 952 | |0 0 |1 0 |4 0 |6 547_000000000000000_ROB_1965 |7 0 |8 A |9 230657 |a BIBALI |b BIBALI |c GEN |d 2019-11-15 |i 3001717 |o 547 ROB 1965 |p 3001717 |r 2025-01-20 |w 2019-11-15 |y BK |k ALI | ||